| 000 | 006680000a22002290004500 | ||
|---|---|---|---|
| 003 | LK-CoMWRAF | ||
| 005 | 20231027134804.0 | ||
| 008 | 230817t2005 ||||| |||| 00| 0 eng d | ||
| 020 | _a074757359X | ||
| 040 |
_aLK-CoMWRAF _dLK-CoMWRAF _eLK-CoMWRAF |
||
| 041 | _aeng | ||
| 082 |
_a956.70443 _bBLI |
||
| 100 | _aBlix, Hans | ||
| 245 |
_aDisarming Iraq: _bthe search for Weapons of Mass Destruction |
||
| 260 |
_aLondon: _bBloomsbury, _c2005 |
||
| 300 |
_axi, 310 p. ; 24 cm. _bIndex included |
||
| 650 | _aWEAPONS OF MASS DESTRUCTION-Iraq | ||
| 650 | _aUnited Nations-Iraq | ||
| 650 | _aArms control -- Verification -- Iraq | ||
| 650 | _aIraq War | ||
| 942 | _cBK | ||
| 999 |
_c774 _d774 |
||